| 000 | 00599nam a2200181 4500 | ||
|---|---|---|---|
| 999 |
_c172108 _d172108 |
||
| 005 | 20200203125834.0 | ||
| 010 | _aENG-127590 | ||
| 020 |
_c550.00 _a9789350095645 |
||
| 035 | _aEN-111122 | ||
| 037 | _bDBAD/PUB | ||
| 082 | _a647.95 | ||
| 100 | _aAnoothi Vishal | ||
| 245 |
_aBusiness on a Platter : _bby Anoothi Vishal _cWhat Makes Restaurants Sizzle or Fizzle Out/ |
||
| 260 |
_aGurugram _bHachette Book Publishing _c2019 |
||
| 270 |
_a4th & 5th Floors, Corporate Centre, Plot no 094, Sec44, _bGurugram _e122003 |
||
| 300 |
_a262p. _c21cm(hb) |
||
| 942 |
_2ddc _cEN _h647.95 _mANO |
||